000 00790nam a22002537a 4500
005 20170123162301.0
010 _aA-373082
020 _c180.00
035 _aA-373082
037 _bCen Lib/Ret
040 _aDPL
_bUR
082 _a823.08
100 _aوادھوں ، جگدیش چندر
_9136711
245 _a / منتونامہ
_cجگدیش چندر وادھوں
246 _aMantonama
_bby Jagdeesh Chander Wadhawan
260 _aدہلی
_bجواہر افسیت
_c00??
270 _aمخرجیے نگر
_bدہلی
300 _a519p.
_c21cm(Hb)
650 _aاردو ادب
_9136712
650 _aاردو افسان
_9136713
650 _aUrdu literature
_9136714
650 _aUrdu stories
_9136715
942 _2ddc
_cUR
_h823.08
_mم ن و
999 _c105976
_d105976